Statistics for Aberdeen Airport Destinations (Aberdeen, UK)

Click here to take the quiz!

General Stats

  • This quiz has been taken 42 times
    (13 since last reset)
  • The average score is 16 of 35

Answer Stats

AirlineDestination% Correct
KLMAmsterdam
100%
LoganairBelfast (City)
100%
Scandinavian AirlinesCopenhagen
100%
Aer Lingus/LoganairDublin
100%
easyJetLondon (Gatwick)
100%
British AirwaysLondon (Heathrow)
100%
easyJetLondon (Luton)
100%
LoganairManchester
100%
RyanairAlicante
75%
LoganairBirmingham
75%
LoganairBristol
75%
RyanairFaro
75%
RyanairMalaga
75%
LoganairOslo
75%
TUI AirwaysCorfu
50%
LoganairNewcastle upon Tyne
50%
TUI AirwaysPalma de Mallorca
50%
BH AirBurgas
25%
easyJetGeneva
25%
Eastern AirwaysHumberside
25%
TUI AirwaysReus
25%
airBalticRiga
25%
LoganairSouthampton
25%
Scandinavian Airlines/WideroeStavanger
25%
WideroeBergen
0%
TUI AirwaysDalaman
0%
LoganairEsbjerg
0%
Wizz AirGdansk
0%
LoganairKirkwall
0%
LoganairNewquay
0%
LoganairNorwich
0%
LoganairSumburgh
0%
LoganairTeesside
0%
TUI AirwaysTenerife (South)
0%
Eastern AirwaysWick
0%

Score Distribution

Percentile by Number Answered

Percent of People with Each Score

Your Score History

You have not taken this quiz since the last reset